| 000 | 00493nam a22001697a 4500 | ||
|---|---|---|---|
| 999 |
_c160070 _d160070 |
||
| 005 | 20190114144600.0 | ||
| 010 | _aB-091356 | ||
| 020 |
_a8126015985 _c150.00 |
||
| 035 | _aB-091356 | ||
| 037 | _bSahitya Akademi | ||
| 082 | _aS | ||
| 100 | _aHussain, Intizar | ||
| 245 |
_aShort stories from pakistan: _bfifty years of pakistani short stories _cIntizar Hussain {and} Asif Farrukhi |
||
| 260 |
_aNew Delhi _bSahitya Akademi _c2003 |
||
| 300 |
_a334p. _c20cm(hbk) |
||
| 942 |
_2ddc _cEN _hS _mSHO |
||